00686nam a2200157 i 4500001000700000003000900007005001700016008004100033100003200074245013700106246006700243260005600310300002100366650004500387852009600432165428ES-MaACL20230906213132.0050824s1871 sp |||| | spa d1 aSirera y Mallén, Eugenio.10a2º apéndice al Porvenir de la juventud bo Reseña de todas las carreras civiles y militares de España / cpor Eugenio Sirera.30aReseña de todas las carreras civiles y militares de España aMadrid : b[s.n.], c1871 (fImp. de J.M. Lapuente) a26 p. ; c21 cm. 4aEnseñanza superior-zEspaña-yS.XIX. aES-MaACLjT-568-F-1 z- Enc. hol. conservando la cub. original z- Enc. en un vol. facticio